| 000 | 00686nam a2200241Ia 4500 | ||
|---|---|---|---|
| 003 | OSt | ||
| 005 | 20220926011953.0 | ||
| 006 | a|||||r|||| 00| 0 | ||
| 007 | ta | ||
| 008 | 220923b |||||||| |||| 00| 0 eng d | ||
| 037 | _cGeneral Book | ||
| 040 |
_aRTL _cRTL _beng |
||
| 041 |
_2eng _aeng |
||
| 082 | _aC9B2, L7 | ||
| 100 |
_aFeinberg Gerlad _9315336 |
||
| 245 | 0 |
_aWhat is the world made of? _b Atoms, Leptons, Quark |
|
| 260 |
_aNew York _bAncho Press _c1977 |
||
| 300 |
_axvi,290p _ccm. |
||
| 500 | _aBibliography: p 281-282; Glossary: p 271-280 | ||
| 650 | _aPhysics | ||
| 942 |
_hC9B2, L7 _cGB _2CC |
||
| 999 |
_c621418 _d621418 |
||